000 00729nam a22002297a 4500
008 240525b mp ||||| |||| 00| 0 mon d
020 _a99929-0-472-0
035 _a7139
040 _aСэлэнгэ аймгийн нийтийн номын сан
_bmon
_cMN-UlNLM
_dMN-UlNLM
_erda
041 _amon
042 _a12262
084 _2НСНЗА
_a46.8
_bС-774
100 _aКуппэр Х.
245 0 _aХовордсон ан амьтан
264 _aУлаанбаатар
_bмонсудар
_c2000
300 _a32
336 _2rdacontent
_atext
_btxt
337 _2rdamedia
_aunmediated
_bn
338 _2rdacarrier
_avolume
_bnc
650 _aАмьтан Ховордсон ан амьтан
942 _2NNA
_cBK
999 _c706514
_d706571